000
00225 a2200097 4500
001
33568
100
_a
Tripathi, P.C
245
_a
Principles of Management
260
_a
New Delhi
_b
Tata McGraw-Hill
_c
090
_c
22340
_d
22340
942
_a
NUST-CAE
_c
M
_c
13715
999
_c
268641
_d
268641